|
|
|
|
| LEADER |
00000nab a2200000 a 4500 |
| 001 |
vtls009290480 |
| 003 |
SK-MaSNL |
| 005 |
20260304021350.0 |
| 008 |
080429 2008 xo w 000 0 slo |
| 038 |
|
|
|a NRKKK
|
| 040 |
|
|
|a NRKKK
|b slo
|c NRKKK
|e AACR2
|
| 041 |
0 |
|
|a slo
|
| 044 |
|
|
|a xo
|c SK
|
| 080 |
|
|
|a 746.3:061.4
|2 1997
|
| 100 |
1 |
|
|a Veverková, Veronika
|4 aut
|9 531293
|
| 245 |
1 |
0 |
|a Fotograf Milan Hlôška začal vyšívať po zlomenine ruky ...
|c Veronika Veverková, Tomáš Cilling
|
| 300 |
|
|
|b Fotogr.
|
| 610 |
2 |
7 |
|a Krajské osvetové stredisko (Nitra, Slovensko)
|2 nrkkk
|9 660925
|
| 650 |
0 |
7 |
|a výšivky
|2 snkbucl
|9 3102
|
| 650 |
0 |
7 |
|a výstavy
|2 snkbucl
|9 2780
|
| 651 |
|
7 |
|a Nitra (Slovensko)
|2 snkbucl
|9 15714
|
| 700 |
1 |
|
|a Cilling, Tomáš
|4 aut
|9 1113065
|
| 773 |
0 |
|
|t Nitrianske noviny
|g Roč. 17, č. 6 (2008), s. 6
|x 1335-8375
|
| 852 |
|
|
|a SNK
|b KIS3GCP
|
| 999 |
|
|
|c 2605345
|d 2607275
|